书目信息 |
| 题名: |
电工学
|
|
| 作者: | 秦光戎 主编 | |
| 分册: | ||
| 出版信息: | 北京 北京师范大学出版社 1998.09 |
|
| 页数: | 658页 | |
| 开本: | 32开 | |
| 丛书名: | ||
| 单 册: | ||
| 中图分类: | TM1-43 | |
| 科图分类: | ||
| 主题词: | 电工--理论 | |
| 电子资源: | ||
| ISBN: | 7-303-04435-3 | |
| 000 | 00537nam0 2200193 45 | |
| 001 | 0012060813 | |
| 005 | 20001206083909.8 | |
| 010 | @a7-303-04435-3@d26.00元 | |
| 100 | @a20001206d1998 km y0chiy0120 ea | |
| 101 | 0 | @achi |
| 105 | @a z 000yy | |
| 200 | 1 | @a电工学@ADian Gong Xue@f秦光戎主编@FQin Guang Rong Zhu Bian |
| 210 | @a北京@c北京师范大学出版社@d1998.09 | |
| 215 | @a658页@d32开 | |
| 606 | 0 | @a电工@x理论 |
| 690 | @aTM1-43@v3 | |
| 701 | 0 | @a秦光戎@4主编 |
| 801 | @aCN@bPftUser@c20001206 | |
| 905 | @b514407-408@dTM1-43@eQ731@f2 | |
| 电工学/秦光戎主编.-北京:北京师范大学出版社,1998.09 |
| 658页;32开 |
| ISBN 7-303-04435-3:26.00元 |
| ● |
| 相关链接 |
|
|
|
正题名:电工学
索取号:TM1-43/Q731
 
预约/预借
| 序号 | 登录号 | 条形码 | 馆藏地/架位号 | 状态 | 备注 |
| 1 | 514407 | 205144075 | 期刊室512/301自科库 5排1列4层/ [索取号:TM1-43/Q731] | 在馆 | |
| 2 | 514408 | 205144084 | 期刊室512/301自科库 5排1列4层/ [索取号:TM1-43/Q731] | 在馆 |